000 00497nam a2200169Ia 4500
999 _c6469
_d6469
003 OSt
005 20211122103833.0
008 190216s9999||||xx |||||||||||||| ||und||
040 _coclc
082 _a658.15
_bVIN/F
100 _aVinod, A
_9643
245 0 _aFundamentals Of Financial Management And Auditing /
_cA Vinod
260 _bCalicut University Press,
_c2003.
_aCalicut:
300 _a416p
650 _aCommerce
942 _cBK
_2ddc
_h658.15
_iVIN/F
_k658.15
_mVIN/F